000 00563nam a22001931a 4500
005 20110718133541.0
008 091005s1989 001 0 eng d
020 _c0.00
040 _aNEGST Library - Kenya
050 4 _aPJ 3081.S56 1989
082 0 _aPJ 3081.S56 1989
100 1 _aSim Ronald J.
245 1 0 _aPredicate Conjoining in Hadiyya.
260 _bEdinburgh,
_c1989.
300 _avi, 492p.
500 _aIncludes bibliographical references.
600 1 0 _aHadiyya Language- Grammar.
852 _910.00
999 _c41538
_d41538